<?xml version="1.0" encoding="UTF-8"?>
<record
    xmlns:xsi="http://www.w3.org/2001/XMLSchema-instance"
    xsi:schemaLocation="http://www.loc.gov/MARC21/slim http://www.loc.gov/standards/marcxml/schema/MARC21slim.xsd"
    xmlns="http://www.loc.gov/MARC21/slim">

  <leader>01687nam a22001577a 4500</leader>
  <controlfield tag="003">SGT</controlfield>
  <datafield tag="020" ind1=" " ind2=" ">
    <subfield code="a">9788121916974</subfield>
  </datafield>
  <datafield tag="082" ind1=" " ind2=" ">
    <subfield code="a">658.8, PIL</subfield>
  </datafield>
  <datafield tag="100" ind1=" " ind2=" ">
    <subfield code="a">PILLAI, R. S. N</subfield>
  </datafield>
  <datafield tag="245" ind1=" " ind2=" ">
    <subfield code="a">MODERN MARKETING  PRINCIPLES AND PRACTICES </subfield>
  </datafield>
  <datafield tag="260" ind1=" " ind2=" ">
    <subfield code="a">NEW DELHI</subfield>
    <subfield code="b">S CHAND </subfield>
    <subfield code="c">2015</subfield>
  </datafield>
  <datafield tag="300" ind1=" " ind2=" ">
    <subfield code="a">594</subfield>
  </datafield>
  <datafield tag="650" ind1=" " ind2=" ">
    <subfield code="a">MARKETING </subfield>
  </datafield>
  <datafield tag="653" ind1=" " ind2=" ">
    <subfield code="a">&#x2022; MARKET AND MARKETING &#x2022; MODERN MARKETING CONCEPT &#x2022; MARKETING SYSTEM, MARKETING MIX, MARKETING FUNCTION &#x2022; BUYING, ASSEMBLING AND SELLING &#x2022; TRANSPORTATION &#x2022; STORAGE AND WAREHOUSES &#x2022; STANDARDRISATION AND GRADING &#x2022; MARKETING FINANACE &#x2022; MARKETING RISK &#x2022; MARKETING INFORMATION AND RESEARCH &#x2022; MARKETING MANAGEMENT &#x2022; MARKETING STRATEGY AND PLANNING &#x2022; MARKETING ENVIRONMENT &#x2022; MARKET SEGMENTATION &#x2022; MARKET TARGETING AND POSITIONING &#x2022; PRODUCT PLANNING &#x2022; MANAGING THE PRODUCT DEVELOPMENT &#x2022; PRICING STRATEGY &#x2022; PRODUCT RELATED STRATEGY &#x2022; CONSUMER BEHAVIOUR &#x2022; THE INDIAN CONSUMERS &#x2022; CONSUMERISM &#x2022; LAW RELATING TO SALE OF GOODS &#x2022; THE PROMOTIONAL PROGRAMME &#x2022; SALES PROMOTION &#x2022; ADVERTISING &#x2022; PERSONAL SELLING &#x2022; SALES ORGANISATION &#x2022; SALES FORCE MANAGEMENT &#x2022; CONTROL OF SALES FORCE &#x2022; SALES FORECAST &#x2022; REMUNERATION TO SALESMEN &#x2022; CHANNELS OF DISTRIBUTION&#x2014;I &#x2022; CHANNELS OF DISTRIBUTION&#x2014;II &#x2022; MARKETING OF CONSUMER GOODS &#x2022; MARKETING OF INDUSTRIAL GOODS &#x2022; MARKETING OF SECURITIES &#x2022; MARKETING OF AGRICULTURAL GOODS &#x2022; THE MARKETING OF SERVICES &#x2022; REGULATED MARKETS &#x2022; ORGANISED MARKETS &#x2022; COOPERATIVE MARKETING &#x2022; MARKETING CONTROL &#x2022; INTERNATIONAL MARKETING &#x2022; RURAL MARKETING &#x2022; MARKETING AND SOCIETY &#x2022; E-BUSINESS &#x2022; TOTAL QUALITY MANAGEMENT &#x2022; RECENT TREND IN MARKETING.</subfield>
  </datafield>
  <datafield tag="942" ind1=" " ind2=" ">
    <subfield code="2">ddc</subfield>
    <subfield code="c">FCM</subfield>
  </datafield>
  <datafield tag="952" ind1=" " ind2=" ">
    <subfield code="0">0</subfield>
    <subfield code="1">0</subfield>
    <subfield code="2">ddc</subfield>
    <subfield code="4">0</subfield>
    <subfield code="7">1</subfield>
    <subfield code="8">CM</subfield>
    <subfield code="a">SSSL</subfield>
    <subfield code="b">SSSL</subfield>
    <subfield code="c">REF</subfield>
    <subfield code="d">2016-06-17</subfield>
    <subfield code="e">KIRTI PRKASHAN </subfield>
    <subfield code="g">450.00</subfield>
    <subfield code="i">SGTU</subfield>
    <subfield code="o">658.8, PIL</subfield>
    <subfield code="p">CM807</subfield>
    <subfield code="r">2016-06-17 00:00:00</subfield>
    <subfield code="w">0000-00-00</subfield>
    <subfield code="y">FCM</subfield>
    <subfield code="k">2705</subfield>
  </datafield>
  <datafield tag="952" ind1=" " ind2=" ">
    <subfield code="0">0</subfield>
    <subfield code="1">0</subfield>
    <subfield code="2">ddc</subfield>
    <subfield code="4">0</subfield>
    <subfield code="7">0</subfield>
    <subfield code="8">CM</subfield>
    <subfield code="a">SSSL</subfield>
    <subfield code="b">SSSL</subfield>
    <subfield code="c">TXT</subfield>
    <subfield code="d">2016-06-17</subfield>
    <subfield code="e">KIRTI PRKASHAN </subfield>
    <subfield code="g">450.00</subfield>
    <subfield code="i">SGTU</subfield>
    <subfield code="l">13</subfield>
    <subfield code="m">1</subfield>
    <subfield code="o">658.8, PIL</subfield>
    <subfield code="p">CM808</subfield>
    <subfield code="r">2018-05-12 00:00:00</subfield>
    <subfield code="s">2018-05-10</subfield>
    <subfield code="w">0000-00-00</subfield>
    <subfield code="y">FCM</subfield>
    <subfield code="k">2705</subfield>
  </datafield>
  <datafield tag="952" ind1=" " ind2=" ">
    <subfield code="0">0</subfield>
    <subfield code="1">0</subfield>
    <subfield code="2">ddc</subfield>
    <subfield code="4">0</subfield>
    <subfield code="7">0</subfield>
    <subfield code="8">CM</subfield>
    <subfield code="a">SSSL</subfield>
    <subfield code="b">SSSL</subfield>
    <subfield code="c">TXT</subfield>
    <subfield code="d">2016-06-17</subfield>
    <subfield code="e">KIRTI PRKASHAN </subfield>
    <subfield code="g">450.00</subfield>
    <subfield code="i">SGTU</subfield>
    <subfield code="l">10</subfield>
    <subfield code="o">658.8, PIL</subfield>
    <subfield code="p">CM809</subfield>
    <subfield code="r">2025-08-13 00:00:00</subfield>
    <subfield code="s">2025-08-01</subfield>
    <subfield code="w">0000-00-00</subfield>
    <subfield code="y">FCM</subfield>
    <subfield code="k">2705</subfield>
  </datafield>
  <datafield tag="999" ind1=" " ind2=" ">
    <subfield code="c">9115</subfield>
    <subfield code="d">9115</subfield>
  </datafield>
</record>
